From Smollett to James : studies in the novel and other essays presented to Edgar Johnson /

Bibliographic Details
Other Authors: Johnson, Edgar, Mintz, Samuel I., 1923-2010, Chandler, Alice, 1931-, Mulvey, Christopher
Format: Book
Language:English
Published: Charlottesville : University Press of Virginia, 1981.
Subjects:

MARC

Tag First Indicator Second Indicator Subfields
LEADER 00000cam a2200000 a 4500
001 in00000097636
005 20160108075740.0
008 791113s1981 vau b 01100 engm
010 |a  79025865  
020 |a 0813906636 
035 |a (OCoLC)05777340 
035 |9 AAK9260AM 
040 |a DLC  |c DLC  |d m.c.  |d OCL  |d TXA  |d UtOrBLW 
043 |a e-uk--- 
049 |a TXAM  |c [1633465] 
050 0 0 |a PR863  |b F7 
082 0 |a 823/.03 
245 0 0 |a From Smollett to James :  |b studies in the novel and other essays presented to Edgar Johnson /  |c edited by Samuel I. Mintz, Alice Chandler, and Christopher Mulvey. 
264 1 |a Charlottesville :  |b University Press of Virginia,  |c 1981. 
300 |a xiii, 301 pages ;  |c 24 cm. 
336 |a text  |b txt  |2 rdacontent 
337 |a unmediated  |b n  |2 rdamedia 
338 |a volume  |b nc  |2 rdacarrier 
500 |a Includes index. 
504 |a "Checklist of the printed works of Edgar Johnson": pages [289]-293. 
505 0 |a Edgar Johnson / Alice Chandler -- Principia biographica / Leon Edel -- Smollett reconsidered / David Daiches -- Scott and Pushkin / John Henry Raleigh -- The regency novel of fashion / Frances Russell Hart -- Thackeray's dramatic monologues / Lionel Stevenson -- Special correspondent to posterity: how Dickens's contemporaries saw his fictional world / Philip Collins -- Light in darkness: gas, oil, and tallow in Dickens's Bleak house / George H. Ford -- George Eliot's double life: The mill on the Floss as a Bildungsroman / Jerome H. Buckley -- Weave a circle: Baron Kirkup and his greatest friends / D.A. Robertson, Jr. -- Strether's Chad Newsome: a reading of James's The ambassadors / Gordon S. Haight -- Character in the novel: "A real illusion" / J. Hillis Miller. 
600 1 0 |a Johnson, Edgar. 
650 0 |a English fiction  |y 19th century  |x History and criticism. 
650 0 |a Fiction. 
650 0 |a Biography as a literary form. 
700 1 |a Johnson, Edgar. 
700 1 |a Mintz, Samuel I.,  |d 1923-2010. 
700 1 |a Chandler, Alice,  |d 1931- 
700 1 |a Mulvey, Christopher. 
999 |a MARS 
999 f f |s 3d2bf5ec-7878-3891-8f4c-838ab63566b7  |i c7252b1c-f335-30ca-88f7-2b399828aa41  |t 0 
952 f f |p normal  |a Texas A&M University  |b College Station  |c Sterling C. Evans Library  |d Evans: Library Stacks  |t 0  |e PR863 F7  |h Library of Congress classification  |i unmediated -- volume  |m A14806017735 
998 f f |a PR863 F7  |t 0  |l Evans: Library Stacks